| 000 | 00376nam a2200157Ia 4500 | ||
|---|---|---|---|
| 008 | 230917s9999||||xx |||||||||||||| ||und|| | ||
| 020 | _cRS600 | ||
| 040 |
_e14097 _aMAIN |
||
| 041 | _aEnglish | ||
| 082 | _a376.954 W842W | ||
| 100 | _aSharma, Usha, ed. | ||
| 245 | 0 | _aWomen and professions | |
| 260 |
_aNew Delhi _bCommonwealth _c1995 |
||
| 300 | _aix, 384 p. | ||
| 942 | _cBK | ||
| 999 |
_c91961 _d91961 |
||